<?xml version="1.0" encoding="UTF-8"?>
<record
    xmlns:xsi="http://www.w3.org/2001/XMLSchema-instance"
    xsi:schemaLocation="http://www.loc.gov/MARC21/slim http://www.loc.gov/standards/marcxml/schema/MARC21slim.xsd"
    xmlns="http://www.loc.gov/MARC21/slim">

  <leader>01416nam a22002537a 4500</leader>
  <controlfield tag="003">DO-SdBNP</controlfield>
  <controlfield tag="005">20240305103442.0</controlfield>
  <controlfield tag="007">ta</controlfield>
  <controlfield tag="008">110714s19uu    dr            000   spa d</controlfield>
  <datafield tag="040" ind1=" " ind2=" ">
    <subfield code="a">DO-SdBNP</subfield>
    <subfield code="b">spa</subfield>
    <subfield code="c">BNPHU</subfield>
  </datafield>
  <datafield tag="082" ind1=" " ind2=" ">
    <subfield code="a">xxx</subfield>
    <subfield code="b">xxx</subfield>
  </datafield>
  <datafield tag="100" ind1=" " ind2=" ">
    <subfield code="9">23565</subfield>
    <subfield code="a">Cont&#xED;n Aybar, Pedro Ren&#xE9;,</subfield>
    <subfield code="d">1907-1981</subfield>
  </datafield>
  <datafield tag="245" ind1="1" ind2="0">
    <subfield code="a">In memoriam :</subfield>
    <subfield code="b">Tomas Hern&#xE1;ndez Franco /</subfield>
    <subfield code="c">Pedro Rene Contin y Aybar, [et. al] </subfield>
  </datafield>
  <datafield tag="260" ind1=" " ind2=" ">
    <subfield code="a">Ciudad Trujillo,</subfield>
    <subfield code="b">[s.d]</subfield>
    <subfield code="c">[19--].</subfield>
  </datafield>
  <datafield tag="300" ind1=" " ind2=" ">
    <subfield code="a">70 p.</subfield>
    <subfield code="c">22 cm.</subfield>
  </datafield>
  <datafield tag="505" ind1="0" ind2=" ">
    <subfield code="t">In memorian --</subfield>
    <subfield code="r">Pedro Rene Contin y Aybar /</subfield>
    <subfield code="t">Itinerario de Am&#xE9;rica  --</subfield>
    <subfield code="r">Virgilio Ferrer Guti&#xE9;rrez /</subfield>
    <subfield code="t">Laurel de luto --</subfield>
    <subfield code="r">Trigueros de Le&#xF3;n /</subfield>
    <subfield code="t">Tom&#xE1;s Hern&#xE1;ndez Franco --</subfield>
    <subfield code="r">R. Emilio Jim&#xE9;nez /</subfield>
    <subfield code="t">Y en el amor una sombra --</subfield>
    <subfield code="r">H&#xE9;ctor Inchaustegui Cabral /</subfield>
    <subfield code="t">Poemas p&#xF3;stumos --</subfield>
    <subfield code="t">Oraci&#xF3;n para el pr&#xF3;ximo dolor --</subfield>
    <subfield code="t">Puedo jurar ahora --</subfield>
    <subfield code="t">Canci&#xF3;n de amor en muerte para el hijo --</subfield>
    <subfield code="t">Inventar la palabra mansa --</subfield>
    <subfield code="t">En esta alta cuesta de la noche --</subfield>
    <subfield code="t">La posie a la Republique Dominicaine --</subfield>
    <subfield code="r">Tomas Hern&#xE1;ndez Franco /</subfield>
  </datafield>
  <datafield tag="590" ind1=" " ind2=" ">
    <subfield code="a">Inventariado, 2022/ YL</subfield>
  </datafield>
  <datafield tag="700" ind1=" " ind2="2">
    <subfield code="9">38745</subfield>
    <subfield code="a">Ferrer Guti&#xE9;rrez, Virgilio,</subfield>
    <subfield code="d">1907-</subfield>
    <subfield code="t">Itinerario de Am&#xE9;rica </subfield>
  </datafield>
  <datafield tag="700" ind1=" " ind2="2">
    <subfield code="a">Le&#xF3;n, Trigueros de</subfield>
    <subfield code="d">1917-1965</subfield>
    <subfield code="t">Laurel de luto</subfield>
    <subfield code="9">82442</subfield>
  </datafield>
  <datafield tag="700" ind1=" " ind2="2">
    <subfield code="9">6521</subfield>
    <subfield code="a">Jim&#xE9;nez, Ram&#xF3;n Emilio,</subfield>
    <subfield code="d">1886-1970</subfield>
    <subfield code="t">Tom&#xE1;s Hern&#xE1;ndez Franco</subfield>
  </datafield>
  <datafield tag="700" ind1="1" ind2="2">
    <subfield code="a">Inch&#xE1;ustegui Cabral, H&#xE9;ctor,</subfield>
    <subfield code="d">1912-1979</subfield>
    <subfield code="t">Y en le amor una sombra</subfield>
    <subfield code="9">21024</subfield>
  </datafield>
  <datafield tag="910" ind1=" " ind2=" ">
    <subfield code="a">YLockward</subfield>
  </datafield>
  <datafield tag="942" ind1=" " ind2=" ">
    <subfield code="2">ddc</subfield>
    <subfield code="c">LBS1</subfield>
  </datafield>
  <datafield tag="952" ind1=" " ind2=" ">
    <subfield code="0">0</subfield>
    <subfield code="1">0</subfield>
    <subfield code="2">ddc</subfield>
    <subfield code="5">1</subfield>
    <subfield code="7">0</subfield>
    <subfield code="8">PD-RV</subfield>
    <subfield code="a">BNPHU</subfield>
    <subfield code="b">BNPHU</subfield>
    <subfield code="c">CT</subfield>
    <subfield code="d">2022-09-27</subfield>
    <subfield code="l">0</subfield>
    <subfield code="o">xxx xxx</subfield>
    <subfield code="p">2022-4093</subfield>
    <subfield code="r">2022-09-27</subfield>
    <subfield code="w">2022-09-27</subfield>
    <subfield code="y">LBS1</subfield>
  </datafield>
  <datafield tag="999" ind1=" " ind2=" ">
    <subfield code="c">31778</subfield>
    <subfield code="d">31778</subfield>
  </datafield>
</record>
